000 01176cam a2200289 i 4500
003 OSt
005 20260205111525.0
008 780117s1978 mdua b 001 0 eng
010 _a 78000584
020 _a0801820235
040 _aKABLIB
_cKABLIB
_beng
_erda
082 0 0 _a320.9
_223
_bLAT
245 0 4 _aThe Breakdown of democratic regimes /
_cedited by Juan J. Linz and Alfred Stepan.
260 _aBaltimore :
_bJohns Hopkins University Press,
_cc1978.
300 _ax, 733 p. :
_bill. ;
_c23 cm.
500 _a.
504 _aIncludes bibliographical references and indexes.
505 0 _apt. 1. Linz, J. J. Crisis, breakdown, and reequilibration.--pt. 2. Linz, J.J. and Stepan, A., editors. Europe.--pt. 3. Linz, J. J. and Stepan, A., editors. Latin America.--pt. 4. Valenzuela, A. Chile.
650 0 _aDemocracy.
650 0 _aPolitical stability.
_915152
651 0 _aEurope
_xPolitics and government
_y20th century.
_915153
651 0 _aLatin America
_xPolitics and government
_y20th century.
_915154
700 1 _aLinz, Juan J.
_d1926-
_915155
700 1 _aStepan, Alfred C.
_915156
906 _a7
_bcbc
_corignew
_d1
_eocip
_f19
_gy-gencatlg
942 _2ddc
_cBOOK
999 _c6003
_d6003